History of New Testament times: (Record no. 32)

000 -LEADER
fixed length control field 00795nam a2200229 a 4500
001 - CONTROL NUMBER
control field :::00013182$&:&@@
003 - CONTROL NUMBER IDENTIFIER
control field OkBaRHE
005 - DATE AND TIME OF LATEST TRANSACTION
control field 20100304162317.0
008 - FIXED-LENGTH DATA ELEMENTS--GENERAL INFORMATION
fixed length control field s1949 j 000 0 eng u
020 ## - INTERNATIONAL STANDARD BOOK NUMBER
International Standard Book Number 0837135591
040 ## - CATALOGING SOURCE
Transcribing agency
100 1# - MAIN ENTRY--PERSONAL NAME
Personal name Pfeiffer, Robert Henry, 1892-1958.
245 10 - TITLE STATEMENT
Title History of New Testament times:
Remainder of title with an introduction to the Apocrypha.
260 ## - PUBLICATION, DISTRIBUTION, ETC. (IMPRINT)
Place of publication, distribution, etc New York, NY., :
Name of publisher, distributor, etc Harper and Row
Date of publication, distribution, etc 1949
300 ## - PHYSICAL DESCRIPTION
Extent xii, 561 p. ;
Dimensions 24 cm.
650 ## - SUBJECT ADDED ENTRY--TOPICAL TERM
Topical term or geographic name as entry element Bible Old Testament Apocrypha
General subdivision Introductions
650 ## - SUBJECT ADDED ENTRY--TOPICAL TERM
Topical term or geographic name as entry element Hellenism
650 ## - SUBJECT ADDED ENTRY--TOPICAL TERM
Topical term or geographic name as entry element Jews
General subdivision History
-- 586 B.C.-70 A.D.
650 ## - SUBJECT ADDED ENTRY--TOPICAL TERM
Topical term or geographic name as entry element Judaism
General subdivision History
-- Post-exilic period, 586 B.C.-210 A.D.
942 ## - ADDED ENTRY ELEMENTS (KOHA)
Source of classification or shelving scheme
Koha item type Books
Copies
Withdrawn status Date last seen Permanent Location Shelving location Lost status Date acquired Not for loan Collection code Copy number Full call number Source of classification or shelving scheme Koha item type Damaged status Price effective from Barcode
 2010-04-14RHEMA Bible Training CollegeGeneral Stacks 2010-04-14 Reference1BM 176 .P4 Books 2010-04-1413182